[Event "European Blitz 2022"]
[Site "Katowice POL"]
[Date "2022.12.16"]
[Round "15.84"]
[White "Domenech, Vianney"]
[Black "Myrmus, Mateusz"]
[Result "1-0"]
[WhiteElo "2249"]
[BlackElo "2012"]
[WhiteFideId "656089"]
[BlackFideId "21825335"]
[EventDate "2022.12.16"]

1. d4 Nf6 2. Bf4 g6 3. Nc3 Bg7 4. e4 d6 5. Qd2 O-O 6. O-O-O c6 7. f3 b5 8. Kb1
Nbd7 9. Bh6 Nb6 10. h4 Nc4 11. Bxc4 bxc4 12. h5 Rb8 13. hxg6 fxg6 14. Bxg7 Kxg7
15. Qh6+ Kf7 16. e5 Qb6 17. Na4 Qb4 18. exf6 Qxa4 19. Qg7+ Ke6 20. Qxe7+ Kf5 21.
g4+ 1-0

[Event "European Blitz 2022"]
[Site "Katowice POL"]
[Date "2022.12.16"]
[Round "15.85"]
[White "Kondys, Piotr"]
[Black "Rudzinska, Michalina"]
[Result "1/2-1/2"]
[BlackTitle "WFM"]
[WhiteElo "1905"]
[BlackElo "2256"]
[WhiteFideId "21885575"]
[BlackFideId "1172883"]
[EventDate "2022.12.16"]

1. e4 c6 2. d4 d5 3. exd5 cxd5 4. Bd3 Nf6 5. c3 Bg4 6. Qb3 Qc7 7. f3 Bh5 8. Ne2
Nc6 9. Bf4 Qd7 10. O-O e6 11. Nd2 Bd6 12. Rae1 O-O 13. Qc2 Bg6 14. Bxg6 hxg6 15.
Nb3 Rac8 16. Qd2 a5 17. Bxd6 Qxd6 18. Nc5 b6 19. Nd3 Nd7 20. Qf4 Qxf4 21. Nexf4
b5 22. a3 b4 23. axb4 axb4 24. Ra1 bxc3 25. bxc3 Ra8 26. Rfb1 Rxa1 27. Rxa1 Rb8
28. Ra6 Rc8 29. Ne2 Kf8 30. Kf2 Ke7 31. Ke3 f6 32. f4 Nd8 33. Nb4 Nb7 34. Nc6+
Ke8 35. Nb4 Rc7 36. Kd3 Ke7 37. Nc6+ Kf7 38. Nb4 Ke7 39. Nc6+ Kf7 40. Nb4 Ke7
41. Nc6+ Kf7 42. Nb4 1/2-1/2

[Event "European Blitz 2022"]
[Site "Katowice POL"]
[Date "2022.12.16"]
[Round "15.86"]
[White "Kastelik, Adrian"]
[Black "Cieslak, Wiktoria"]
[Result "1-0"]
[WhiteElo "2091"]
[BlackElo "1910"]
[WhiteFideId "1134701"]
[BlackFideId "1160036"]
[EventDate "2022.12.16"]

1. e4 c5 2. c3 Nf6 3. e5 Nd5 4. d4 cxd4 5. cxd4 Nc6 6. Nf3 e6 7. Bc4 d6 8. O-O
Be7 9. Qe2 O-O 10. Qe4 Nb6 11. Bd3 g6 12. Bh6 Re8 13. exd6 Qxd6 14. Nc3 Bf6 15.
Nb5 Qd8 16. Be3 a6 17. Nc3 Bg7 18. Ne5 Nb4 19. Be2 N4d5 20. Rfd1 Bd7 21. Qf3 f6
22. Nxd7 Qxd7 23. Ne4 Rac8 24. Nc5 Qe7 25. Rac1 Rc6 26. a3 Rec8 27. b4 Nxe3 28.
fxe3 Nd7 29. Qf1 Nxc5 30. Rxc5 Rxc5 31. bxc5 e5 32. Bf3 e4 33. Qc4+ Kh8 34. Be2
Qc7 35. g3 Qa5 36. Qb4 Qc7 37. Rc1 b6 38. Bxa6 Rb8 39. c6 Bf8 40. Qb3 Rd8 41.
Bb5 Rd6 42. a4 Kg7 43. Rf1 f5 44. Qc3 Be7 45. Ra1 Rf6 46. a5 bxa5 47. Qxa5 Qxa5
48. Rxa5 Bd6 49. Ra7+ Rf7 50. Ra8 Rc7 51. Kf2 h6 52. Ke2 g5 53. Kd2 f4 54. gxf4
gxf4 55. exf4 Bxf4+ 56. Kc3 Bxh2 57. d5 Be5+ 58. Kc4 Bd6 59. Kd4 Re7 60. Be2 e3
61. Kc4 Kf6 62. Rh8 Kg5 63. Rd8 Bc7 64. Rg8+ Kf4 65. Kc5 Ke5 66. Rg6 Rh7 67. d6
Bb8 68. d7 Bc7 69. Rg8 Ke6 70. d8=Q Bxd8 71. Rxd8 h5 72. Rd6+ Ke5 73. Rd5+ Ke6
74. Rxh5 Ra7 75. Bg4+ Kf6 76. Kb6 Ra4 77. Be2 Ra2 78. Rh2 Rb2+ 79. Ka7 Ke7 80.
c7 Kd7 81. Rh7+ Kc8 82. Ba6+ 1-0

[Event "European Blitz 2022"]
[Site "Katowice POL"]
[Date "2022.12.16"]
[Round "15.87"]
[White "Hjartarson, Johann"]
[Black "Mrvova, Alena"]
[Result "0-1"]
[WhiteTitle "GM"]
[BlackTitle "WIM"]
[WhiteElo "2476"]
[BlackElo "2135"]
[WhiteFideId "2300044"]
[BlackFideId "14902036"]
[EventDate "2022.12.16"]

1. e4 c5 2. Nf3 d6 3. d4 cxd4 4. Nxd4 Nf6 5. Nc3 g6 6. Be2 Bg7 7. O-O O-O 8. Re1
Nbd7 9. Bf1 a6 10. Bg5 h6 11. Bh4 Ne5 12. f4 Nc6 13. Nb3 b5 14. a4 bxa4 15. Rxa4
Bd7 16. Nd5 Nh5 17. c3 Qb8 18. Ra3 e6 19. Ne7+ Nxe7 20. Bxe7 Re8 21. Bxd6 Qb6+
22. Bc5 Qb7 23. Qf3 Bb5 24. Na5 Qc7 25. Be3 Bxf1 26. Qxf1 Rab8 27. Qf2 Rb5 28.
b4 Nf6 29. Bd4 Ng4 30. Qf3 Bxd4+ 31. cxd4 h5 32. h3 Nf6 33. Rb3 Qc2 34. Qe2 Qc7
35. Rf1 Qb6 36. Qe3 Rxb4 37. Rxb4 Qxb4 0-1

[Event "European Blitz 2022"]
[Site "Katowice POL"]
[Date "2022.12.16"]
[Round "15.88"]
[White "Janeczko, Jakub"]
[Black "Horvath, Dominik"]
[Result "0-1"]
[BlackTitle "IM"]
[WhiteElo "2247"]
[BlackElo "2502"]
[WhiteFideId "21871655"]
[BlackFideId "1642561"]
[EventDate "2022.12.16"]

1. e4 e5 2. Nf3 Nc6 3. Nc3 Nf6 4. d4 exd4 5. Nxd4 Bb4 6. Nxc6 bxc6 7. Bd3 O-O 8.
O-O Re8 9. Bg5 Rb8 10. Qf3 Bd6 11. Rab1 Be5 12. h3 d6 13. Nd1 h6 14. Bh4 d5 15.
exd5 cxd5 16. c3 d4 17. Re1 Bh2+ 18. Kf1 Rxe1+ 19. Kxe1 Bb7 20. Bxf6 Bxf3 21.
Bxd8 Bxg2 22. Bh4 dxc3 23. bxc3 Rxb1 24. Bxb1 Bxh3 25. Ne3 Be6 26. Bg3 Bxg3 27.
fxg3 g6 28. Kd2 Kg7 29. Kd3 Kf6 30. Kd4 h5 31. Kc5 Ke5 32. Kc6 f5 33. Kxc7 g5
34. c4 f4 35. gxf4+ gxf4 36. Ng2 Bxc4 37. a4 f3 38. Ne1 0-1

[Event "European Blitz 2022"]
[Site "Katowice POL"]
[Date "2022.12.16"]
[Round "15.89"]
[White "Gretarsson, Helgi Ass"]
[Black "Masternak, Aleksander"]
[Result "1-0"]
[WhiteTitle "GM"]
[WhiteElo "2451"]
[BlackElo "2196"]
[WhiteFideId "2300699"]
[BlackFideId "1103350"]
[EventDate "2022.12.16"]

1. d4 d5 2. c4 e6 3. Nc3 Nf6 4. Bf4 Nbd7 5. e3 c6 6. h3 Be7 7. Qc2 O-O 8. Nf3
dxc4 9. Bxc4 Nd5 10. Bh2 Re8 11. O-O Bf6 12. Ne4 Be7 13. a3 N7f6 14. Ned2 Nb6
15. Bd3 Bd6 16. Ne5 Qe7 17. Rac1 Bd7 18. Kh1 Rad8 19. e4 Bb8 20. b4 Bc8 21. Nb3
Nbd7 22. f4 h6 23. g4 Nxe5 24. fxe5 Nh7 25. Qf2 Rf8 26. Qe3 b6 27. Rxc6 Bb7 28.
Rc2 Rd7 29. Kg1 Rfd8 30. Rfc1 Nf8 31. Bg3 Ng6 32. Bb5 Rc7 33. Rxc7 Bxc7 34. Bc6
Bc8 35. Nd2 Bb8 36. Nf3 Ba6 37. d5 exd5 38. exd5 Bb7 39. b5 Bc8 40. Re1 Qf8 41.
d6 Be6 42. Nd4 Bd7 43. Nf5 Be6 44. h4 h5 45. Qg5 hxg4 46. Ne7+ 1-0

[Event "European Blitz 2022"]
[Site "Katowice POL"]
[Date "2022.12.16"]
[Round "15.90"]
[White "Paprocki, Jaroslaw"]
[Black "Cramling, Pia"]
[Result "0-1"]
[BlackTitle "GM"]
[WhiteElo "2158"]
[BlackElo "2463"]
[WhiteFideId "1122274"]
[BlackFideId "1700030"]
[EventDate "2022.12.16"]

1. d4 Nf6 2. c4 a6 3. Nc3 c5 4. d5 b5 5. Qc2 e6 6. e4 b4 7. Nd1 d6 8. Nf3 g6 9.
Bd3 Bg7 10. O-O O-O 11. dxe6 Bxe6 12. Ne3 Nc6 13. Nd5 Bg4 14. Be3 Bxf3 15. gxf3
Nxd5 16. exd5 Nd4 17. Bxd4 Bxd4 18. Rae1 Qf6 19. b3 Qxf3 20. Be4 Qf4 21. Qc1 Qh4
22. Kg2 Rae8 23. Qc2 Be5 24. h3 Qf4 25. Rh1 f5 26. Bf3 Qg5+ 27. Kf1 Bd4 28. Re2
Qf4 29. Kg2 Qg5+ 30. Kf1 Re5 31. Rxe5 Bxe5 32. Rg1 Qf4 33. Qd3 Bd4 34. Kg2 Re8
35. Rd1 Be5 36. Rh1 Bc3 37. Rd1 Qg5+ 38. Kf1 Qh4 39. Bg2 Qg5 40. Qg3 Qf6 41. Qd3
Qe5 42. Bf3 Qh2 43. Bg2 Bd4 44. Qg3 Qxg3 45. fxg3 Re3 46. g4 f4 47. Bh1 Rxh3 48.
Bg2 Re3 49. Rc1 f3 50. Rc2 Rd3 51. Bh1 Kg7 52. Rc1 Kf6 53. Re1 Kg5 54. Re8 Kxg4 0-1

[Event "European Blitz 2022"]
[Site "Katowice POL"]
[Date "2022.12.16"]
[Round "15.91"]
[White "Diermair, Andreas"]
[Black "Klepek, Witold"]
[Result "0-1"]
[WhiteTitle "GM"]
[WhiteElo "2446"]
[BlackElo "2216"]
[WhiteFideId "1612468"]
[BlackFideId "1175068"]
[EventDate "2022.12.16"]

1. Nf3 Nf6 2. c4 e6 3. g3 d5 4. d4 dxc4 5. Bg2 Bb4+ 6. Nc3 O-O 7. O-O Nbd7 8.
Qa4 Bxc3 9. bxc3 Nb6 10. Qc2 Bd7 11. e4 Bc6 12. Re1 Ba4 13. Qe2 Qe7 14. Bg5 h6
15. Bh4 g5 16. Nxg5 hxg5 17. Bxg5 e5 18. f4 exd4 19. e5 d3 20. Qf2 Nbd7 21. Kh1
Qc5 22. Qf3 Bc6 23. Qd1 Nh7 24. Bh6 Bxg2+ 25. Kxg2 Qc6+ 26. Qf3 Qxh6 27. g4 Qc6
28. Re4 Kh8 29. g5 f5 30. gxf6 Rg8+ 31. Kh1 Nc5 32. Re3 Qxf3+ 33. Rxf3 Rad8 34.
Rd1 Ne4 35. h4 Nxc3 36. Rdf1 d2 37. f7 0-1

[Event "European Blitz 2022"]
[Site "Katowice POL"]
[Date "2022.12.16"]
[Round "15.92"]
[White "Novotny, Michal"]
[Black "Galuszka, Tomasz"]
[Result "1-0"]
[WhiteTitle "FM"]
[WhiteElo "2250"]
[BlackElo "2184"]
[WhiteFideId "310980"]
[BlackFideId "21816409"]
[EventDate "2022.12.16"]

1. e4 c6 2. d4 d5 3. e5 Bf5 4. Nf3 e6 5. Be2 Nd7 6. O-O Ne7 7. Nh4 Bg6 8. a4 a6
9. a5 Nc8 10. Nxg6 hxg6 11. c3 Na7 12. b4 Nb5 13. Qc2 Qh4 14. h3 Be7 15. Nd2 Qh7
16. Nf3 O-O-O 17. Be3 f6 18. c4 Nc7 19. b5 cxb5 20. cxd5 1-0

[Event "European Blitz 2022"]
[Site "Katowice POL"]
[Date "2022.12.16"]
[Round "15.93"]
[White "Panek, Bartosz"]
[Black "Fus, Jakub"]
[Result "0-1"]
[WhiteTitle "CM"]
[BlackTitle "FM"]
[WhiteElo "2152"]
[BlackElo "2405"]
[WhiteFideId "1198220"]
[BlackFideId "1193023"]
[EventDate "2022.12.16"]

1. e4 c6 2. c4 d5 3. e5 Bf5 4. d4 e6 5. Nc3 dxc4 6. Bxc4 Nd7 7. Nf3 Nb6 8. Bd3
Ne7 9. O-O Bg4 10. Be3 Nf5 11. Be4 Be7 12. h3 Bh5 13. Qd3 Bg6 14. g4 Nxe3 15.
fxe3 Nd5 16. Rf2 Rc8 17. Raf1 O-O 18. Bxg6 hxg6 19. Nd2 c5 20. Nxd5 Qxd5 21. Nf3
Qxa2 22. b4 c4 23. Rxa2 cxd3 24. Rxa7 Rc7 25. Ra3 Bxb4 26. Rxd3 Rfc8 27. Rb3 Ba5
28. Kg2 b6 29. Kg3 Rc3 30. Rfb1 Rc2 31. Kf4 Rf2 32. Ke4 Rcc2 33. Rd1 f6 34. exf6
gxf6 35. Nh4 Kf7 36. Rbb1 b5 37. Rf1 f5+ 38. gxf5 gxf5+ 39. Ke5 Bc7# 0-1

[Event "European Blitz 2022"]
[Site "Katowice POL"]
[Date "2022.12.16"]
[Round "15.94"]
[White "Voege, Tobias"]
[Black "Kolaric, Spela"]
[Result "1-0"]
[WhiteTitle "FM"]
[BlackTitle "WFM"]
[WhiteElo "2300"]
[BlackElo "2133"]
[WhiteFideId "1270513"]
[BlackFideId "14607093"]
[EventDate "2022.12.16"]

1. d4 Nf6 2. c4 e6 3. Nc3 d5 4. Bg5 Be7 5. e3 h6 6. Bh4 b6 7. cxd5 exd5 8. Bd3
Be6 9. Nge2 Nh5 10. Bxe7 Qxe7 11. Qb3 Qd7 12. Rc1 O-O 13. Bb1 c5 14. dxc5 bxc5
15. Na4 c4 16. Qc2 g6 17. Nc5 Qd6 18. Nxe6 Qxe6 19. O-O Nc6 20. Rfd1 Rad8 21. b3
Ne5 22. Nd4 Qf6 23. Qe2 Rfe8 24. bxc4 Nxc4 25. Bd3 Ne5 26. Bb5 Rf8 27. Nc6 Rd6
28. Nxe5 Qxe5 29. Rc5 Rfd8 30. Qd2 Nf6 31. Qd4 Qxd4 32. Rxd4 Ne4 33. Rc1 Rb6 34.
Ba4 Nf6 35. Bb3 Kf8 36. f3 Rbd6 37. Rc7 R8d7 38. Rc8+ Rd8 39. Rc5 Ke7 40. Kf2
R8d7 41. Ra5 Ke8 42. Ke2 Ke7 43. Kd3 a6 44. Rda4 Rc7 45. Rxa6 Rxa6 46. Rxa6 Rc1
47. Ke2 Rh1 48. h3 Rg1 49. Kf2 Rc1 50. Ra7+ Ke6 51. e4 Rc5 52. exd5+ Nxd5 53.
Rb7 f6 54. Rb6+ Ke5 55. Rb8 Nf4 56. Rd8 Rc6 57. g3 Ne6 58. Rd5# 1-0

[Event "European Blitz 2022"]
[Site "Katowice POL"]
[Date "2022.12.16"]
[Round "15.95"]
[White "Dragicevic, Drazen"]
[Black "Drozdowski, Konrad"]
[Result "1-0"]
[WhiteTitle "FM"]
[WhiteElo "2345"]
[BlackElo "2104"]
[WhiteFideId "1707922"]
[BlackFideId "1106279"]
[EventDate "2022.12.16"]

1. Nf3 Nf6 2. g3 g6 3. Bg2 Bg7 4. O-O O-O 5. d4 d6 6. a4 Nc6 7. a5 e5 8. dxe5
Nxe5 9. Nxe5 dxe5 10. Qxd8 Rxd8 11. a6 c6 12. Na3 Nd5 13. axb7 Bxb7 14. Nc4 f5
15. e4 Nb6 16. Na5 Ba6 17. Re1 Bb5 18. exf5 gxf5 19. Nxc6 Bxc6 20. Bxc6 Rac8 21.
Bg5 Rd6 22. Bg2 Rxc2 23. Rxa7 Rxb2 24. Bh3 h6 25. Be7 Rdd2 26. Bc5 Nd7 27. Be3
Re2 28. Rxe2 1-0

[Event "European Blitz 2022"]
[Site "Katowice POL"]
[Date "2022.12.16"]
[Round "15.96"]
[White "Krainski, Aleksander"]
[Black "Bartel, Michal"]
[Result "0-1"]
[WhiteTitle "FM"]
[BlackTitle "FM"]
[WhiteElo "2046"]
[BlackElo "2250"]
[WhiteFideId "1102400"]
[BlackFideId "1119257"]
[EventDate "2022.12.16"]

1. d4 Nf6 2. Nf3 c5 3. e3 e6 4. Be2 b6 5. O-O Bb7 6. c4 Be7 7. Nc3 O-O 8. d5
exd5 9. cxd5 d6 10. a4 Na6 11. e4 Re8 12. Nd2 Bf8 13. f3 Nb4 14. Nc4 Ba6 15. Nb5
Bxb5 16. axb5 g6 17. Bd2 Bg7 18. Bf4 Bf8 19. Re1 Nh5 20. Bd2 Bg7 21. Bf1 Bd4+
22. Be3 Bg7 23. g4 Nf6 24. Kh1 Qe7 25. Bf4 Rad8 26. Qd2 Qc7 27. Rad1 Bf8 28. Bg3
Nd7 29. Bg2 Ne5 30. Nxe5 dxe5 31. h4 c4 32. Bf1 Qc5 33. Bf2 Qxb5 34. b3 a5 35.
bxc4 Qa6 36. Rc1 Bc5 37. Bg3 Qc8 38. Qg5 Qc7 39. h5 Qd6 40. h6 f6 41. Qd2 Rc8
42. Bh3 Rc7 43. g5 Na6 44. Be6+ Rxe6 0-1

[Event "European Blitz 2022"]
[Site "Katowice POL"]
[Date "2022.12.16"]
[Round "15.97"]
[White "Czerw, Dawid"]
[Black "Adamczewski, Maciej"]
[Result "0-1"]
[WhiteTitle "IM"]
[WhiteElo "2373"]
[BlackElo "2071"]
[WhiteFideId "1145746"]
[BlackFideId "1148702"]
[EventDate "2022.12.16"]

1. d4 Nf6 2. c4 g6 3. Nc3 Bg7 4. g3 O-O 5. Bg2 c5 6. d5 d6 7. Nf3 e6 8. O-O exd5
9. cxd5 Re8 10. a4 Na6 11. h3 Nb4 12. Nd2 b6 13. Nc4 h6 14. Bf4 Bf8 15. Qd2 Kh7
16. e4 Ba6 17. b3 Nh5 18. Be3 Bg7 19. Rae1 Bxc4 20. bxc4 g5 21. Kh2 Qd7 22. f4
gxf4 23. gxf4 f5 24. Bg1 fxe4 25. Bxe4+ Kh8 26. Bg6 Rxe1 27. Rxe1 Nxf4 28. Qxf4
Bxc3 29. Qxh6+ Kg8 30. Qg5 Bxe1 31. Bf5+ Qg7 32. Be6+ Kf8 33. Qf4+ Ke7 34. Be3
Bc3 35. Kh1 Be5 36. Qf3 Rf8 37. Qe2 Qg3 38. Bg1 Qf3+ 39. Qxf3 Rxf3 40. Kg2 Rg3+ 0-1

[Event "European Blitz 2022"]
[Site "Katowice POL"]
[Date "2022.12.16"]
[Round "15.98"]
[White "Maslanka, Wojciech"]
[Black "Saraci, Korab"]
[Result "1-0"]
[WhiteElo "2103"]
[BlackElo "2192"]
[WhiteFideId "21846960"]
[BlackFideId "4701968"]
[EventDate "2022.12.16"]

1. e4 c5 2. Nf3 d6 3. d4 cxd4 4. Nxd4 Nf6 5. Nc3 g6 6. Be3 Bg7 7. f3 O-O 8. Qd2
Nc6 9. O-O-O d5 10. Nxc6 bxc6 11. Bh6 Be6 12. e5 Nd7 13. h4 f6 14. h5 Nxe5 15.
Bxg7 Kxg7 16. hxg6 hxg6 17. Qh6+ Kf7 18. Qh7+ Ke8 19. f4 Nf7 20. Qxg6 Qd7 21.
Bd3 Bg4 22. Rde1 Kd8 23. f5 Ne5 24. Rxe5 fxe5 25. Qxg4 e4 26. Ba6 Qxf5 27. Qxf5
Rxf5 28. Rh8+ Kc7 29. Rxa8 Rf1+ 30. Kd2 Rf2+ 31. Be2 Rxg2 32. Rxa7+ Kd6 33. a4
e5 34. a5 e3+ 35. Kd3 c5 36. Ra6+ Ke7 37. Nxd5+ 1-0

[Event "European Blitz 2022"]
[Site "Katowice POL"]
[Date "2022.12.16"]
[Round "15.100"]
[White "Zamekhovskiy, Yevgen"]
[Black "Hesse, Henrik"]
[Result "1/2-1/2"]
[WhiteElo "2095"]
[BlackElo "2160"]
[WhiteFideId "14174413"]
[BlackFideId "12952060"]
[EventDate "2022.12.16"]

1. d4 Nf6 2. c4 g6 3. Nf3 Bg7 4. g3 O-O 5. Bg2 d6 6. O-O c6 7. Nc3 Nbd7 8. h3 e5
9. Qc2 Re8 10. dxe5 Nxe5 11. Nxe5 dxe5 12. Rd1 Qe7 13. Rb1 Bf5 14. e4 Be6 15. b3
Red8 16. Bb2 Qc7 17. Rxd8+ Rxd8 18. Rd1 Rd7 19. Na4 Rxd1+ 20. Qxd1 b6 21. Ba3
Qd7 22. Qxd7 Nxd7 23. Bb2 Bf8 24. f4 Bd6 25. fxe5 Bxe5 26. Kf2 Kf8 27. Bxe5 Nxe5
28. Ke3 c5 29. Nc3 Nc6 30. Kf4 f6 31. h4 Nb4 32. Ke3 Kf7 33. Bf3 Nc2+ 34. Kd2
Nd4 35. Bd1 h6 36. Ke3 g5 37. hxg5 fxg5 38. a3 Kg6 39. Na4 h5 40. b4 Bf7 41.
bxc5 bxc5 42. Nxc5 Nc6 43. Nd7 h4 44. gxh4 gxh4 45. Kf4 Kg7 46. c5 Be6 47. Ne5
Nd4 48. Nf3 Nc6 49. Nxh4 Kf6 50. Nf3 Bc4 51. e5+ Ke6 52. Bc2 Kd5 53. Be4+ Kxc5
54. Bxc6 Kxc6 55. Kf5 Kb5 56. Nd2 Bd5 57. Ne4 Bb3 58. Nc3+ Kc4 59. Ne4 Kd4 60.
Nd2 Ba2 61. e6 Bxe6+ 62. Kxe6 Kc3 63. Ne4+ Kb3 1/2-1/2

[Event "European Blitz 2022"]
[Site "Katowice POL"]
[Date "2022.12.16"]
[Round "16.1"]
[White "Adams, Michael"]
[Black "Alonso Rosell, Alvar"]
[Result "1/2-1/2"]
[WhiteTitle "GM"]
[BlackTitle "GM"]
[WhiteElo "2688"]
[BlackElo "2561"]
[WhiteFideId "400041"]
[BlackFideId "2270544"]
[EventDate "2022.12.16"]

1. e4 e5 2. Nf3 Nc6 3. Bc4 Nf6 4. d3 Bc5 5. Nc3 h6 6. O-O O-O 7. Be3 Bb6 8. Nd5
d6 9. Nxb6 axb6 10. a4 Be6 11. Bxe6 fxe6 12. c3 Qd7 13. Qc2 Nh5 14. Qe2 Qf7 15.
b4 Nf4 16. Bxf4 Qxf4 17. Nd2 d5 18. g3 Qf6 19. Kg2 d4 20. b5 dxc3 21. bxc6 cxd2
22. cxb7 Rab8 23. Rfd1 Rxb7 24. Rxd2 Ra7 25. Rc2 Qd8 26. Rac1 c5 27. Rc4 Rd7 28.
R4c3 Rd4 29. Qc2 Qf6 30. Kg1 Qf3 31. Re1 Rxa4 32. d4 Qf6 33. dxc5 bxc5 34. Rxc5
Kh7 35. h4 Rfa8 36. Qe2 Ra2 37. Rc2 Rxc2 38. Qxc2 Qf3 39. Qb2 Rf8 40. Re3 Qd1+
41. Kg2 Ra8 42. Qe2 Qxe2 43. Rxe2 h5 44. Rb2 Kg6 45. Rb5 Kf6 46. Rb2 Ra4 47. f3
Ra3 48. g4 hxg4 49. fxg4 Re3 50. Rb4 Kg6 51. Rc4 Kf6 52. Rb4 Kg6 53. Rc4 Kf6 1/2-1/2

[Event "European Blitz 2022"]
[Site "Katowice POL"]
[Date "2022.12.16"]
[Round "16.2"]
[White "Navara, David"]
[Black "Hovhannisyan, Robert"]
[Result "1-0"]
[WhiteTitle "GM"]
[BlackTitle "GM"]
[WhiteElo "2684"]
[BlackElo "2597"]
[WhiteFideId "309095"]
[BlackFideId "13302507"]
[EventDate "2022.12.16"]

1. d4 d5 2. c4 c6 3. Nc3 Nf6 4. e3 e6 5. Nf3 Nbd7 6. Qc2 Bd6 7. b3 O-O 8. Be2 b6
9. O-O Bb7 10. Bb2 Qe7 11. Rad1 Rad8 12. Rfe1 Rfe8 13. g3 a6 14. Bf1 Bb4 15. Nd2
h6 16. Bg2 Rc8 17. e4 dxe4 18. Ndxe4 Nxe4 19. Rxe4 Nf6 20. Re3 Qf8 21. Na4 b5
22. Nb6 Rcd8 23. cxb5 axb5 24. Bxc6 Rc8 25. Nxc8 Rxc8 26. Rc3 Bxc3 27. Bxb7 Rb8
28. Bf3 Bxb2 29. Qxb2 b4 30. Rc1 Qd6 31. Rc4 Nd5 32. Qd2 Ne7 33. h4 Nf5 34. Be4
Ne7 35. h5 Qb6 36. Qf4 Rd8 37. Rc7 Kf8 38. Bg6 f6 39. Rc4 Nd5 40. Qc1 Qd6 41.
Kg2 f5 42. Rc6 Qd7 43. Qc5+ Kg8 44. Kh2 Kh8 45. Kg1 Kg8 46. Ra6 Qe7 47. Qxe7
Nxe7 48. Rxe6 Kf8 49. Rb6 Nxg6 50. hxg6 Rxd4 51. Rb7 Rd6 52. Rxb4 Rxg6 53. a4
Rd6 54. a5 Rd1+ 55. Kg2 1-0

[Event "European Blitz 2022"]
[Site "Katowice POL"]
[Date "2022.12.16"]
[Round "16.3"]
[White "Kazakouski, Valery"]
[Black "Sargsyan, Shant"]
[Result "0-1"]
[WhiteTitle "GM"]
[BlackTitle "GM"]
[WhiteElo "2539"]
[BlackElo "2645"]
[WhiteFideId "13507443"]
[BlackFideId "13306766"]
[EventDate "2022.12.16"]

1. Nf3 d5 2. c4 e6 3. b3 Nf6 4. g3 b6 5. Bg2 Bb7 6. O-O Bd6 7. Bb2 O-O 8. e3
Nbd7 9. Nc3 a6 10. Qe2 Qe7 11. Rad1 Rfe8 12. Nh4 c6 13. f4 b5 14. g4 b4 15. Na4
Ne4 16. d3 Nc3 17. Bxc3 bxc3 18. Nf3 e5 19. fxe5 Nxe5 20. Nd4 g6 21. Nxc3 Qg5
22. h3 Bb4 23. Na4 Rad8 24. cxd5 cxd5 25. Qf2 Re7 26. Qf4 Qxf4 27. exf4 Nc6 28.
Nc2 Bd6 29. Bxd5 Re2 30. Rf2 Rxf2 31. Kxf2 Bxf4 32. Be4 Bb8 33. Kg2 f5 34. Bf3
fxg4 35. hxg4 Ba7 36. d4 Rf8 37. Bd5+ Kg7 38. Nc5 Bxc5 39. dxc5 Rd8 40. Ne3 Kf6
41. Kg3 Ke5 42. Nc4+ Kf6 43. Nd6 Ba8 44. Rf1+ Kg7 45. Rf7+ Kh8 46. Bxc6 Bxc6 47.
Ra7 Rf8 48. Rxa6 Bd5 49. c6 Rf3+ 50. Kh2 Rf2+ 51. Kg1 Rg2+ 52. Kf1 Rc2 53. Ra8+
Kg7 54. Ra7+ Kf6 55. c7 Be6 56. b4 Ke5 57. c8=Q Bxc8 58. Nxc8 Rxc8 59. b5 Kf4
60. b6 Rc1+ 61. Ke2 Rb1 62. b7 h5 63. gxh5 gxh5 64. a3 Ke5 65. a4 Kd6 66. a5 h4
67. a6 h3 68. Ra8 h2 69. Rh8 Kc7 70. Rh7+ Kb8 71. Rh8+ Kc7 72. Rc8+ Kd7 73. Rh8
Kc7 74. Rh7+ Kb8 75. Rh8+ Kc7 76. Rh7+ 0-1

[Event "European Blitz 2022"]
[Site "Katowice POL"]
[Date "2022.12.16"]
[Round "16.4"]
[White "Laurusas, Tomas"]
[Black "Yuffa, Daniil"]
[Result "1/2-1/2"]
[WhiteTitle "GM"]
[BlackTitle "GM"]
[WhiteElo "2567"]
[BlackElo "2587"]
[WhiteFideId "12803731"]
[BlackFideId "24131423"]
[EventDate "2022.12.16"]

1. c4 e5 2. Nc3 Bb4 3. Qc2 d6 4. Nf3 Nf6 5. d3 O-O 6. a3 Ba5 7. e3 c6 8. Be2 Re8
9. O-O d5 10. e4 d4 11. Nb1 Bc7 12. Nbd2 a5 13. Rb1 a4 14. Re1 Nbd7 15. b4 axb3
16. Nxb3 c5 17. Bd1 b6 18. Nbd2 Bb7 19. Nf1 Bc6 20. Ng3 g6 21. Qd2 Bd6 22. h3
Nf8 23. Ng5 N6d7 24. Rf1 f6 25. Nf3 Ne6 26. Nh2 Nf4 27. Ne2 Nf8 28. Ng4 h5 29.
Nh2 Ra7 30. Kh1 Rh7 31. Nf3 N8e6 32. Nfg1 f5 33. f3 Nxe2 34. Nxe2 f4 35. Ng1 g5
36. Rb2 Kh8 37. Qe2 Rg8 38. Bd2 g4 39. Be1 Ng5 40. Bh4 Be7 41. Bxg5 Rxg5 42. Qe1
Rg8 43. a4 Bh4 44. Qe2 Bg3 45. a5 bxa5 46. Ra2 Qh4 47. Ba4 Bb7 48. Rb1 Bc8 49.
Qf1 gxh3 50. gxh3 Rhg7 51. Bc6 Be6 52. Bd5 Bxd5 53. cxd5 Qd8 54. Rab2 Bh4 55.
Ne2 a4 56. Rb6 Kh7 57. Ra6 Qd7 58. Rbb6 Rg6 59. Rxg6 Rxg6 60. Rxg6 Kxg6 61. Kg2
a3 62. Qb1 Qa4 63. Qb6+ Bf6 64. Qe6 a2 65. Qg8+ Kh6 66. Qf7 Qa6 67. d6 Qxd6 68.
Qxa2 Qd8 69. Qf7 Qe7 70. Qd5 Qg7+ 71. Kf1 Qe7 72. Qc6 Kg7 73. Nc1 Qf7 74. Qxc5
Qd7 75. Kg2 Qb7 76. Qc2 Qb4 77. Nb3 Qe1 78. Qf2 Qd1 79. Nc5 Kh6 80. Qa2 Qe1 81.
Qf2 Qd1 82. Qa2 Qc1 83. Nd7 Bg7 84. Qe6+ Kh7 85. Qf5+ Kg8 86. Qe6+ Kh7 87. Qf5+
Kg8 88. Qe6+ Kh7 89. Qf5+ Kg8 1/2-1/2

[Event "European Blitz 2022"]
[Site "Katowice POL"]
[Date "2022.12.16"]
[Round "16.6"]
[White "Sahidi, Samir"]
[Black "Donchenko, Alexander"]
[Result "0-1"]
[WhiteTitle "IM"]
[BlackTitle "GM"]
[WhiteElo "2494"]
[BlackElo "2636"]
[WhiteFideId "14936372"]
[BlackFideId "24603295"]
[EventDate "2022.12.16"]

1. d4 Nf6 2. c4 e6 3. Nf3 c5 4. g3 cxd4 5. Nxd4 d5 6. Bg2 e5 7. Nb3 d4 8. e3 Bg4
9. f3 Be6 10. exd4 exd4 11. Qxd4 Qxd4 12. Nxd4 Bxc4 13. Nc3 Bc5 14. Nb3 Bb6 15.
Bf4 Nc6 16. O-O-O O-O 17. Bh3 h6 18. Nd2 Ba6 19. Rhe1 Bf2 20. Rh1 Nb4 21. Bf5 g6
22. Bb1 Rfc8 23. a3 Nbd5 24. Ne4 Nxe4 25. Rxd5 Nxc3 26. bxc3 Rxc3+ 27. Kb2 Rc6
28. Bxh6 Re8 29. Rhd1 Kh7 30. Bf4 Be2 31. R1d2 Be1 32. Rh5+ Kg8 33. Be5 gxh5 0-1